000 01176nam a2200313 a 4500
001 000043516
003 DO-SdBNP
005 20250912134132.0
008 140321s2012 dr 000 0 spa d
020 _a9789945412703
040 _aDO-SdBNP
_bspa
_cBNPHU
082 _a306.9729
_bA473d
100 1 _aÁlvarez Estévez, Rolando,
_d1939-
_971157
245 1 0 _aDel Caribe somos /
_cRolando Álvarez Estévez, Marta Guzmán Pascual ; editor Rainier Pérez Hernández.
260 _aSanto Domingo :
_bFUNGLODE,
_c2012.
300 _a167 p. ;
_c26 cm.
490 1 _aDemocracia
504 _aIncluye referencias bibliográficas y notas al pie de las páginas.
590 _aInventariado,2018/DG
650 4 _aIdentidad nacional
_zCaribe (Región)
_xHistoria
_964631
651 0 _aCaribe (Región)
_xHistoria
_987401
651 0 _aCaribe (Región)
_xCaracterísticas nacionales
_xHistoria
_987401
700 1 2 _aGuzmán Pascual, Marta,
_d1942-
_971228
700 1 2 _aPérez Hernández, Rainier,
_eed.
_971229
710 2 2 _aFundación Global Democracía y Desarrollo
_925477
830 0 _aDemocracia
_933472
910 _aValidado. Control de la calidad EMS
942 _2ddc
_cLBS1
999 _c43005
_d43005